| 000 | 01003nam a2200337Ia 4500 | ||
|---|---|---|---|
| 003 | OSt | ||
| 005 | 20220912144658.0 | ||
| 006 | a|||||r|||| 00| 0 | ||
| 007 | ta | ||
| 008 | 220909b |||||||| |||| 00| 0 eng d | ||
| 020 | _a9780199594696 (pbk) | ||
| 020 | _aSL01560603 | ||
| 024 | _a189190 | ||
| 037 | _b156, 19/12/2013, N R Book Distributors | ||
| 037 | _cTextbook | ||
| 040 |
_aCSL _beng _cCSL |
||
| 041 | _aeng | ||
| 082 | _aG116, P6;Q2;3 TB | ||
| 100 | _aVan Straalen Nico M; Roelofs Dick | ||
| 245 | 0 | _aIntroduction to ecological genetic's | |
| 250 | _a2 | ||
| 260 |
_aOxford _bOUP _c2012 |
||
| 300 | _ax,363p. ill. | ||
| 500 | _aReferences 315-350p.; index 351-363p. | ||
| 650 | _a Ecological genomics | ||
| 650 | _a Genome analysis | ||
| 650 | _aBotany | ||
| 700 | _aVan Straalen Nico M; Roelofs Dick | ||
| 942 |
_hG116, P6;Q2;3 TB _cTB _2CC |
||
| 999 |
_c15555 _d15555 |
||